000 00302nam a2200121Ia 4500
008 241002s9999 xx 000 0 und d
082 _a947.0853 GOL
100 _aGoldston, Robert
245 4 _aThe Soviets A Orial History of Communist
260 _aNew York:
_c1967
600 _aHistory
942 _cUC
999 _c18584
_d18584